000 00601cam a22002053a 4500
001 39367
003 PGUSA
005 20140828083856.0
008 120404s2012||||xxu|||||s|||||000 | eng d
040 _aPGUSA
_beng
042 _adc
100 1 _aRameur, E.
245 1 4 _aThe Catholic World; Volume I, Issues 1-6 :
_bA Monthly Eclectic Magazine
_h[electronic resource] /
_cE. Rameur
260 _bProject Gutenberg,
_c2012
506 _aPublic domain in the USA.
516 _aElectronic text
830 0 _aProject Gutenberg
_v39367
856 4 0 _uhttp://www.gutenberg.org/ebooks/39367
942 _cEB
999 _c268620
_d268620